Of wolves and men / (Record no. 705)

MARC details
000 -LEADER
fixed length control field 00691cam a2200253 i 4500
005 - DATE AND TIME OF LATEST TRANSACTION
control field 20260322212031.0
008 - FIXED-LENGTH DATA ELEMENTS--GENERAL INFORMATION
fixed length control field data
010 ## - LIBRARY OF CONGRESS CONTROL NUMBER
LC control number 78006070
020 ## - INTERNATIONAL STANDARD BOOK NUMBER
International Standard Book Number 0684156245 :
Terms of availability {dollar}14.95
020 ## - INTERNATIONAL STANDARD BOOK NUMBER
International Standard Book Number 9780684156248 :
Terms of availability {dollar}14.95
040 ## - CATALOGING SOURCE
Original cataloging agency DLC
Transcribing agency DLC
Modifying agency WaU
-- WaU
050 00 - LIBRARY OF CONGRESS CALL NUMBER
Classification number QL737.C22
Item number L66
082 00 - DEWEY DECIMAL CLASSIFICATION NUMBER
Classification number 599/.74442
092 ## - LOCALLY ASSIGNED DEWEY CALL NUMBER (OCLC)
Classification number 599.744 L66 1978
001 - CONTROL NUMBER
control field data
100 1# - MAIN ENTRY--PERSONAL NAME
Personal name Lopez, Barry Holstun,
Dates associated with a name 1945-
245 10 - TITLE STATEMENT
Title Of wolves and men /
Statement of responsibility, etc. Barry Holstun Lopez.
260 ## - PUBLICATION, DISTRIBUTION, ETC.
Place of publication, distribution, etc. New York :
Name of publisher, distributor, etc. Scribner,
Date of publication, distribution, etc. c1978.
300 ## - PHYSICAL DESCRIPTION
Extent 309 p. :
Other physical details ill. ;
Dimensions 25 cm.
500 ## - GENERAL NOTE
General note Includes index.
504 ## - BIBLIOGRAPHY, ETC. NOTE
Bibliography, etc. note Bibliography: p. 288-298.
650 #0 - SUBJECT ADDED ENTRY--TOPICAL TERM
Topical term or geographic name entry element Gray wolf.
650 #0 - SUBJECT ADDED ENTRY--TOPICAL TERM
Topical term or geographic name entry element Gray wolf
Form subdivision Miscellanea.
Holdings
Withdrawn status Lost status Damaged status Not for loan Home library Current library Shelving location Date acquired Total checkouts Full call number Barcode Date last seen Price effective from Koha item type
        Fairview Fairview General stacks 22/03/2026   599/.74442 BC0010722 22/03/2026 22/03/2026 Books